| 000 | 00643nam a22001937a 4500 | ||
|---|---|---|---|
| 999 |
_c525311 _d525311 |
||
| 003 | NUST | ||
| 005 | 20190630121754.0 | ||
| 008 | 190630b ||||| |||| 00| 0 eng d | ||
| 038 | _aAttaullah | ||
| 082 | _a621.39 | ||
| 100 |
_aRehman Khattak, Asad _916057 |
||
| 245 |
_aEEG Signal Classification using RBF Neural Network Trained with Improved PSO Algorithm for Epilepsy Identification / _cAsad Rehman Khattak. |
||
| 260 |
_aIslamabad : _bCEME - NUST, _c2018. |
||
| 300 |
_ax, 52 p. : ill. ; _c30cm. |
||
| 500 | _aHard Cover. | ||
| 600 |
_aComputer Engineering - MS Thesis. _915646 |
||
| 700 |
_aDr. Ali Hassan. _916058 |
||
| 942 |
_2ddc _cTHE |
||